| 000 | 00623nam a22002057a 4500 | ||
|---|---|---|---|
| 005 | 20251108172649.0 | ||
| 008 | 250721s2003 xx 000 0 ara d | ||
| 020 | _a9957240730 | ||
| 082 | 1 | 4 | _a576/طيا |
| 100 | 1 | _aالطيار، علي محمود | |
| 245 | 1 | 0 | _aالمدخل إلى علم الأحياء الدقيقة التشخيصي / |
| 264 | 1 |
_aعمان : _bدار صفاء، _c2003. |
|
| 300 | _a175ص. | ||
| 650 | 1 | 7 | _aعلم الأحياء الدقيقة |
| 650 | 1 | 7 | _aالتحليل المختبري |
| 650 | 1 | 7 | _aالمختبرات |
| 650 | 1 | 7 | _aالأمراض |
| 942 |
_2ddc _cBK |
||
| 999 |
_c85311 _d85311 |
||